| 000 -LEADER |
| fixed length control field |
00539cam a2200193 4500 |
| 003 - CONTROL NUMBER IDENTIFIER |
| control field |
OSt |
| 005 - DATE AND TIME OF LATEST TRANSACTION |
| control field |
20240116155136.0 |
| 008 - FIXED-LENGTH DATA ELEMENTS--GENERAL INFORMATION |
| fixed length control field |
730215s1972 enka b 001 0 eng |
| 020 ## - INTERNATIONAL STANDARD BOOK NUMBER |
| International Standard Book Number |
0212984209 |
| 082 00 - DEWEY DECIMAL CLASSIFICATION NUMBER |
| Classification number |
720.28 |
| Item number |
HAR |
| 100 1# - MAIN ENTRY--PERSONAL NAME |
| Personal name |
Harvey, John, |
| Dates associated with a name |
1911-1997. |
| 245 10 - TITLE STATEMENT |
| Title |
Conservation of buildings |
| Statement of responsibility, etc |
[by] John Harvey. |
| 260 ## - PUBLICATION, DISTRIBUTION, ETC. (IMPRINT) |
| Place of publication, distribution, etc |
London, |
| Name of publisher, distributor, etc |
J. Baker, |
| Date of publication, distribution, etc |
1972. |
| 300 ## - PHYSICAL DESCRIPTION |
| Extent |
240, [33] p. |
| Other physical details |
illus. |
| Dimensions |
24 cm. |
| 350 ## - PRICE (NR) (BK AM CF MU VM SE) [OBSOLETE] |
| Price |
£4.75 |
| 504 ## - BIBLIOGRAPHY, ETC. NOTE |
| Bibliography, etc |
Bibliography: p. 222. |
| 650 #0 - SUBJECT ADDED ENTRY--TOPICAL TERM |
| Topical term or geographic name as entry element |
Architecture |
| General subdivision |
Conservation and restoration. |
| 942 ## - ADDED ENTRY ELEMENTS (KOHA) |
| Source of classification or shelving scheme |
|